00820nam a2200217 i 450000100060000000300090000600500170001500700030003200800410003510000270007624501380010326000330024130000220027465000420029670000300033870000230036870000360039185200320042799900170045995201260047684436ES-MaACL20230906175021.0t|041122s1962 sp ||||1| cat d1 aJané, Albert.96599610aSigne normes practiques de gramatica catalana / credactades per Albert Jané amb Josef Ibáñez, Enric Gual i Mª Eugenia Dalmau. a[Barcelona : bs.n., c1962] a179 p. ; c21 cm. 4aLengua catalana-xGramática.9141051 aIbáñez, Josep.9649081 aGual, Eric.9602821 aDalmau, María Eugenia.942516 aES-MaACLjC-21328 bR.49616 c84436d84436 00104070aATENEOMbATENEOMcGaleríad2008-01-17eSCl0oC-21328p1088239r2023-02-23 00:00:00w2023-02-23yMONOGRAFIA